000 00838nas a2200253Ia 4500
001 R415/38241
003 IT-RoPAU
008 151124c99999999xx |||||||||||| ||und||
040 _aIT-RoPAU
040 _cIT-RoPAU
041 _aFRANCESE
100 _aCooper Robin
_gCodice Aut. SPICS: 24058
210 _aMUSIQUE EN JEU
222 _aMusique En Jeu
245 _aMUSIQUE EN JEU (10) ANALYSE METHODOLOGIE SEMIOLOGIE
_bPropositions Pour un Modele Trasformationnel De Description Musicale
250 _a1a ed.
260 _aPARIS
_bSEUIL
_c1973
501 _bPaulus - SPICS - Società San Paolo EM (non-commercial uses only)
_cCopyright2015
300 _a21 p. [70-90]
362 _aVOL.10,
500 _aDescrizione-Musicale Bibliografia-Della-Semiologia-Musicale
650 _aMUSICA
_vPUBBLICAZIONE PERIODICA
942 _cCR
999 _c182598
_d182598